00984nam a22001937a 450000500170000000800410001702000250005802000450008302000440012805000230017224501560019526001610035130000270051249000260053965000610056565000540062665000500068070000600073020210701124824.0210701b sp ||||| |||| 00| 0 spa d a9786070241819 (UNAM) a9786077588924 (Bonilla Artigas Editores) a9788484897811 (Iveroamericana Vervuert)04aLC505.A2bE87 201300aEspacios de saber, espacios de poder : biglesia, universidades y colegios en Hispanoamérica siglos XVI-XIX /cRodolfo Aguirre Salvador, coordinador aMéxico, D.F. : bUNAM, Instituto de Investigaciones sobre la Universidad y la Educación :bBonilla Artigas Editores :bIberoamericana Vervuert,c2013 a449 páginas ;c23 cm aReal Universidad ;v2 72lembaIglesia Católica xEducaciónzAmérica Latina 72lembaUniversidades católicaszAmérica Latina 72lembaEducación cristianazAmérica Latina1 aAguirre Salvador, Rodolfo, eeditor de la compilación